000 00766nam a2200277Ia 4500
003 OSt
005 20220912150716.0
006 a|||||r|||| 00| 0
007 ta
008 220909b |||||||| |||| 00| 0 eng d
024 _a47189
037 _cTextual
040 _aCSL
_beng
_cCSL
041 _aeng
082 _aH1:(E9G), L9
100 _aKovalevskii A L
245 0 _aBiogeochemical exploration for mineral deposits
260 _aNew Delhi
_b Oxonian
_c1979
300 _axiii, 136p.
_ccm.
650 _a Mineral chemistry
650 _aGeology
700 _a Ghosh S P Tr.
700 _a Kothekar V S Ed.
942 _hH1:(E9G), L9
_cTEXL
_2CC
999 _c53050
_d53050